000 00826nam a2200265Ia 4500
003 OSt
005 20221005062137.0
006 a|||||r|||| 00| 0
007 ta
008 221004b |||||||| |||| 00| 0 eng d
020 _a9781138286047 (pbk)
_cUKP 37.99
024 _a34077
037 _b1383, 24/08/2017, Bright Book Service
_cTextual
040 _aCRL
_cCRL
_beng
041 _2eng
_aeng
082 _aQ7, Q7
100 _aShavit Uriya Au.
_9601474
245 0 _aScientific and political freedom in Islam
_b a critical reading of the modernist-apologetic school
260 _aLondon
_bRoutledge UK
_c2017
300 _axi,191p.
_ccm.
650 _a RELIGION
650 _aISLAM
942 _hQ7, Q7
_cTEXL
_2cc
999 _c969235
_d969235